History Quiz

Random History or Politics Quiz
Score 0/9 Timer 05:00
0 Plays Today
% Correct
Swedish Estonia
100%
Swedish Ingria
83.3%
Riga
75%
Swedish Livonia
75%
Duchies of Bremen and Verden
66.7%
Swedish Pomerania
66.7%
Ösel
58.3%
Swedish Wismar
58.3%
Kexholm County
58.3%
Remove Ads.
Support Sporcle.
Get the best of Sporcle when you Go Orange. This ad-free experience offers more features, more stats, and more fun while also helping to support Sporcle. Thank you for becoming a member.

You're not logged in!

Compare scores with friends on all Sporcle quizzes.
OR
Log In

Sporcle TV

Today on Sporcle TV


Watch our educational content, quiz creation guides, and fun videos on Sporcle TV.

Show Comments

Extras

Top Quizzes Today


Score Distribution

Paid Content

Your Account Isn't Verified!

In order to create a playlist on Sporcle, you need to verify the email address you used during registration. Go to your Sporcle Settings to finish the process.

Report this User

Report this user for behavior that violates our Community Guidelines.

Details: